Структурно-функціональні особливості англомовних текстів на матеріалі персональних сторінок сучасних лексикологів в мережі Інтернет (Запис № 281831)

МАРК-запис
000 -LEADER
fixed length control field 01879nam a22001577a 4500
041 ## - LANGUAGE CODE
Language code of text/sound track or separate title eng
080 ## - UNIVERSAL DECIMAL CLASSIFICATION NUMBER
Universal Decimal Classification number 09
090 ## - LOCALLY ASSIGNED LC-TYPE CALL NUMBER (OCLC); LOCAL CALL NUMBER (OCLC)
Local cutter number (OCLC) ; Book number/undivided call number, CALL (RLIN) КУШ
100 ## - MAIN ENTRY--PERSONAL NAME
Personal name Кушнір Н. І.
245 ## - TITLE STATEMENT
Title Структурно-функціональні особливості англомовних текстів на матеріалі персональних сторінок сучасних лексикологів в мережі Інтернет
260 ## - PUBLICATION, DISTRIBUTION, ETC. (IMPRINT)
Place of publication, distribution, etc Острог
Name of publisher, distributor, etc КАФ
Date of publication, distribution, etc 2003
300 ## - PHYSICAL DESCRIPTION
Extent 55
520 ## - SUMMARY, ETC.
Summary, etc Розділ 1. Функціональні особливості англомовних текстів на матеріалі сторінок сучасних лексикологів у мережі Інтернет<br/>1.1 Комунікативна функція текстів у мережі Інтернет<br/>1.2 Інформативна функція досліджуваних текстів і типи текстової інформації<br/>1.3 Умотивна та експресивна функції досліджуваних текстів<br/>1.4 Функціональна спрямованість сторінок сучасних лексикологів<br/>Розділ 2. Структурні та лексико-стилістичні особливості текстів, взятих із сторінок сучасних лексикологів<br/>2.1 Структурні особливості досліджуваних текстів<br/>2.2 Лексичні особливості англомовних текстів на матеріалі персональних сторінок сучасних лексикологів в мережі Інтернет<br/>2.3 Стилістичне оформлення англомовних текстів
-- стилістика, комунікація, текст
650 ## - SUBJECT ADDED ENTRY--TOPICAL TERM
Topical term or geographic name as entry element Research Papers
942 ## - ADDED ENTRY ELEMENTS (KOHA)
Koha item type Книги
Фонди
Withdrawn status Lost status Source of classification or shelving scheme Damaged status Not for loan Home library Current library Date acquired Source of acquisition Coded location qualifier Cost, normal purchase price Total Checkouts Full call number Barcode Date last seen Price effective from Koha item type
    Universal Decimal Classification     ВІЛ - Відділ іноземн. літератури НБ ВІЛ - Відділ іноземн. літератури НБ 08/08/2005 Акт 03\01 В11 1.00   09 208761 20/12/2021 01/09/2003 Книги